| 000 | 00964nam2a22002771 4500 | ||
|---|---|---|---|
| 001 | rc\213118 | ||
| 005 | 20250621062650.0 | ||
| 010 |
_a5-87605-037-7 _910000 |
||
| 035 | _a(NLR Aleph) 005622900 | ||
| 090 |
_a6510234 _c6510234 |
||
| 100 | _a20030307d1997 |||y0rusy50 ca | ||
| 101 | 0 | _arus | |
| 102 | _aRU | ||
| 105 | _aa ||||||||| | ||
| 200 | 0 |
_aТ. 1 _f[Сост.: Чумакова Р.В. и др.] |
|
| 210 |
_d1997 _aБ. м. |
||
| 215 |
_a479 с. _cил. |
||
| 320 | _aАлф. список рус. и лат. назв. растений: с. 444-463 | ||
| 320 | _aУказ. болезней: с. 464-466 | ||
| 461 | 0 |
_1001rc\213116 _12001#$aЭнциклопедия народной медицины$vТ. 1 _96510218 _cМ. _d1997 _nАНС _tЭнциклопедия народной медицины _y5876050016 _vТ. 1 |
|
| 801 | 0 |
_aRU _bNLR _gpsbo |
|
| 801 | 1 |
_aRU _bELAR _2rusmarc |
|
| 852 |
_aNLR _bС _jК-2/8311 |
||
| 942 | _cBOOK | ||
| 980 | _aNB | ||